000
00262nam a2200121Ia 4500
008
220216s9999 xx 000 0 und d
100
_a
Raghavendra A.S.
245
0
_a
Latex
260
_b
Science Today
_c
1985
300
_a
54-55
650
_a
Latex
942
_c
BS
999
_c
51136
_d
51136